000 00686nam a2200193 i 4500
001 142816
003 ES-MaACL
005 20250927154527.0
007 t|
008 071010s1922 fr ||||1| fre d
100 1 _aVidal de La Blache, Paul.
_9114479
245 1 0 _aPrincipes de geographie humaine /
_cPaul Vidal de la Blache ; publiés d'aprés les manuscrits de l'auteur par Emmanuel de Martonne.
260 _aParis :
_bA. Colin,
_c1922 (
_eAbbeville :
_fF. Paillart)
300 _aVIII, 328 p. ;
_c24 cm.
650 7 _aGeografía humana
_2embne
_9136176
700 1 _aMartonne, Emmanuel de,
_d1873-1955
_978528
852 _aES-MaACL
_jB-858
999 _c142816
_d142816